| 000 | 03033nkm0a2200445 4500 | ||
|---|---|---|---|
| 001 | RU\NLR\BIBL_A\022264816 | ||
| 005 | 20260204000000.0 | ||
| 035 | _a(NLR Aleph) 022264816 | ||
| 090 |
_a13517200 _c13517200 |
||
| 100 | _a20240627d1923 u y0rusy50 ca | ||
| 101 | 0 | _arus | |
| 102 | _aRU | ||
| 116 | _aiiyaxx bk zz | ||
| 135 | _acrcn 024anaba | ||
| 181 | 0 |
_ab4 _bxb2e |
|
| 182 | 0 | _an | |
| 200 | 1 |
_aИз книг Татьяны Пассек _e[экслибрис] _fА. Литвиненко _fпо замыслу В. Лукомского |
|
| 203 |
_aИзображение _bнеподвижное _bдвухмерное _bвизуальное _cнепосредственное |
||
| 210 |
_a[Б. м.] _d1923 |
||
| 215 |
_a1 л. _cцинкогр. _d8х5,5 ; 9,9х6,9 |
||
| 316 |
_aЭкз. РНБ на шифре Э ЛерЭксЛ641/П194, Экс2206: из собрания М. Я. Лермана. На паспарту рукоп. запись карандашом - источник сведений о владельце _5NLR: Э ЛерЭксЛ641/П194 |
||
| 325 | _aКопия доступна в Электрон. б-ке РНБ | ||
| 327 | 0 | _aВ двойной линейной рамке в центре композиции ваза с букетом роз и изображением герба рода Пассек на ней. По обеим сторонам вазы - этажерки с книгами, предметами искусства и археологии. На стене два медальона с силуэтными портретами | |
| 606 | 1 |
_aЭкслибрисы русские советские _92426808 _3RU\NLR\AUTH\661444779 |
|
| 686 | 1 | _aЩ153(2Р=Рус)7-487 | |
| 700 | 1 |
_aЛитвиненко _bА. М. _f1883-1932 _gАлександр Меркурьевич _4150 |
|
| 702 | 1 |
_aПассек _bТ. С. _f1903-1968 _gТатьяна Сергеевна _4280 |
|
| 702 | 1 |
_4390 _7ca _8rus _aЛерман _bМ. Я. _f1884-1942 _gМихаил Яковлевич _9253728 _3RU\NLR\AUTH\770253784 |
|
| 830 | _aИсточник сведений о владельце: Розенбладт Е. А. Художественные экслибрисы частных лиц России, а также экслибрисы, выполненные для иностранцев, причастных к нашей истории, в XIX –первой половине XX века. (Наш коллекционный эвр). СПб., 2014. С. 461. ОМ ОЭФ | ||
| 852 | 0 | 0 |
_aNLR _bЭ _jЛерЭксЛ641/П194 _mЭкс2206 |
| 856 | 0 | _uhttps://vivaldi.nlr.ru/lp500006725/view | |
| 856 | 1 | _uhttps://vivaldi.nlr.ru/lp500006725/cover | |
| 856 | 2 | _uhttps://vivaldi.nlr.ru/lp500006725/text | |
| 942 | _cVISUAL | ||
| 980 | _aNB | ||
| 981 | 1 | 7 |
_a(17) Изографические материалы _b(17) Экслибрисы |